| 000 | 00695nam a2200205Ii 4500 | ||
|---|---|---|---|
| 003 | JO-AjNU | ||
| 008 | 230605s9999||||xx |||||||||||||| ||und|| | ||
| 040 |
_aJO-AjNU _bara _erda _cJO-AjNU |
||
| 041 | _aara | ||
| 050 | 1 | 4 | _aLA1813.M8254.1985 |
| 100 | 3 |
_aالمبارك،خالد, _eauthor _917168 |
|
| 245 | 0 | 0 | _aالتعليم العالي بالسودان،مقالات متفرقة |
| 250 | _aط1 | ||
| 264 | 3 | 1 | _aبيروت:دار ومكتبة الهلال،1985/بيروت:دار البحار،1985 |
| 300 | _a178ص | ||
| 336 |
_atext _btxt _2rdacontent |
||
| 337 |
_aunmediated _bn _2rdamedia |
||
| 338 |
_avolume _bnc _2rdacarrier |
||
| 650 | 4 |
_aتعليم عالي-السودان _917169 |
|
| 999 |
_aA5246 _c8814 _d8814 |
||